El largo camino hacia la libertad : (Registro nro. 7103)

Detalles MARC
000 -CABECERA
Longitud fija campo de control 01083nam a2200289 a 4500
003 - • IDENTIFICADOR DELl NÚMERO DE CONTROL
Identificador del número de control CO-ViMGA
005 - • FECHA Y HORA DE LA ÚLTIMA TRANSACCIÓN
Fecha y hora de la última transacción 20230915225022.0
008 - • CÓDIGOS DE INFORMACIÓN DE LONGITUD FIJA
Códigos de información de longitud fija 110224s2010 ck ab gr 00110aspa d
020 ## - • NÚMERO INTERNACIONAL NORMALIZADO PARA LIBROS
Número Internacional Normalizado para Libros (ISBN) 9789587580020
040 ## - FUENTE DE LA CATALOGACIÓN
Centro catalogador de origen CO-ViMGA
Lengua de catalogación spa
Centro transcriptor CO-ViMGA
041 1# - • CÓDIGO DE LENGUA
Código de lengua original eng
043 ## - CÓDIGO DE ÁREA GEOGRÁFICA
Código de área geográfica f-sa---
082 04 - • NÚMERO DE LA CLASIFICACIÓN DECIMAL DEWEY
Número de clasificación (R) 920
Número del ítem M15l3
Número de edición 19
100 1# - • PUNTO DE ACCESO PRINCIPAL-NOMBRE DE PERSONA
Nombre de persona Mandela, Nelson Rolihlahla,
Fechas asociadas al nombre 1918-2013
245 13 - • TITULO PROPIAMENTE DICHO
Título El largo camino hacia la libertad :
Resto del título la autobiografía de Nelson Mandela /
Mención de responsabilidad, etc. traducción de Antonio Resines y Herminia Bevia.
300 ## - • DESCRIPCIÓN FÍSICA
Extensión 661, [24] p. de láminas :
Otras características físicas il., mapa ;
Dimensiones 23 cm.
500 ## - • NOTA GENERAL
Nota general Glosario : p. 649-652.
504 ## - • NOTA DE BIBLIOGRAFÍA, ETC
Nota de bibliografía, etc. Incluye bibliografía e índice.
534 ## - • Nota De Versión Original
-- Título original :
Título Long walk to freedom. The autobiography of Nelson Mandela.
600 14 - • PUNTO DE ACCESO ADICIONAL DE MATERIA - NOMBRE DE PERSONA
Nombre de persona Mandela, Nelson Rolihlahla,
Fechas asociadas al nombre 1918-2013
Subdivisión de forma (R ) Autobiografías.
650 14 - • PUNTO DE ACCESO ADICIONAL DE MATERIA - TÉRMINO DE MATERIA
Término de materia o nombre geográfico como elemento inicial Racismo
Subdivisión geográfica Sudáfrica
Subdivisión de materia general Relatos personales.
700 1# - • PUNTO DE ACCESO ADICIONAL - NOMBRE DE PERSONA
Nombre de persona Bevia, Herminia,
Término indicativo de función tr.
700 1# - • PUNTO DE ACCESO ADICIONAL - NOMBRE DE PERSONA
Nombre de persona Resines, Antonio,
Término indicativo de función tr.
942 ## - ENTRADA DE ELEMENTOS AGREGADOS (KOHA)
Fuente de clasificaión o esquema Dewey Decimal Classification
Koha [por defecto] tipo de item LIbro
Existencias
Perdido Fuente de clasificación o esquema Estado Físico No para préstamo Forma de adquisición Localización permanente Localización actual Fecha adquisición Préstamos totales Renovaciones totales Signatura completa Código de barras Fecha última consulta Fecha último préstamo Número de copia Fecha del precio de reemplazo Tipo de item de Koha Localización en estanterías Note pública Fuente de adquisición Calificador de ubicación codificada
  Dewey Decimal Classification     Colección General Biblioteca Pública Cumaral - Alvaro Garzon Torres Biblioteca Pública Cumaral - Alvaro Garzon Torres 08/02/2024     NMAN CUM1518 08/02/2024   Ej.1 08/02/2024 LIbro Literatura      
        Sala de Referencia Maruja Hernández de Gil Biblioteca Pública Departamental Eduardo Carranza - Villavicencio Biblioteca Pública Departamental Eduardo Carranza - Villavicencio 07/03/2012     R 923.1 M15l ECA21593 11/26/2024   Ej.1 11/26/2024 LIbro Referencia 15870 | 20613    
  Dewey Decimal Classification     Sala General Segundo Piso Biblioteca Pública Germán Arciniegas - Villavicencio Biblioteca Pública Germán Arciniegas - Villavicencio 12/02/2015 3 4 920 M15l3 28870 10/25/2018 09/28/2018 Ej. 1 12/02/2015 LIbro        
  Dewey Decimal Classification     Colección General Biblioteca Pública Rural El Yarí- vereda Playa Rica La Macarena Biblioteca Pública Rural El Yarí- vereda Playa Rica La Macarena 06/12/2025     920 M15l3 9789587580020 07/15/2025   Ej.1 07/15/2025 LIbro General   ministerio de cultura 9789587580020









Instituto Departamental de Cultura del Meta - Red Departamental de Bibliotecas Públicas del Meta.